UNIPORT LAW REVIEW (Record no. 44024)

MARC details
003 - CONTROL NUMBER IDENTIFIER
control field 404102
005 - DATE AND TIME OF LATEST TRANSACTION
control field 20251125113215.0
022 ## - INTERNATIONAL STANDARD SERIAL NUMBER
International Standard Serial Number 26725150
040 ## - CATALOGING SOURCE
Transcribing agency Nile UNIVERSITY OF NIGERIA, ABUJA.
Description conventions rda
050 ## - LIBRARY OF CONGRESS CALL NUMBER
Classification number K 60 . U5
082 ## - DEWEY DECIMAL CLASSIFICATION NUMBER
Classification number K 60 .U5
245 ## - TITLE STATEMENT
Title UNIPORT LAW REVIEW
250 ## - EDITION STATEMENT
Edition statement Vol..9{1} 2025
260 ## - PUBLICATION, DISTRIBUTION, ETC. (IMPRINT)
Place of publication, distribution, etc Port harcourt
Name of publisher, distributor, etc FLUP PRESS
Date of publication, distribution, etc 2025
264 ## - PUBLICATION, DISTRIBUTION, ETC. (IMPRINT)
Place of publication, distribution, etc Port harcourt
Name of publisher, distributor, etc FLUP PRESS
Date of publication, distribution, etc 2025
300 ## - PHYSICAL DESCRIPTION
Other physical details iv, 274. 35 cm.
336 ## - CONTENT TYPE
Source rdacontent
338 ## - CARRIER TYPE
Source rdacarrier
942 ## - ADDED ENTRY ELEMENTS (KOHA)
Source of classification or shelving scheme Library of Congress Classification
Koha item type JOURNALS

No items available.